000 00331nam a22001337a 4500
008 170306b xxu||||| |||| 00| 0 eng d
020 _a2901429201772
041 _aeng
080 _29TH
_a575
100 _a6
101 _aSHM
245 _aSOLUTIONS MEGAMANUAL FOR INTRODUCTION TO GENETIC ANALYSIS
_cFIXCSEN, W.D
942 _2udc
_cBK
999 _c6802
_d6802